Skoki Narciarskie- mistrzowie świata juniorów - Statystyki

Ogólne statystyki
  • Ten quiz został rozwiązany 157 razy
    92 od ostatniego zresetowania
  • Średni wynik to 10 z 45
Statystyki odpowiedzi
Hint Odpowiedź % Poprawnych
2014 Jakub Wolny
76%
2011 Vladimir Zografski
59%
2022 Daniel Tschofenig
58%
2004 Mateusz Rutkowski
58%
2006 Gregor Schlierenzauer
53%
2003 Thomas Morgenstern
53%
1993 Janne Ahonen
49%
1994 Janne Ahonen
49%
2023 Vilho Palosaari
48%
2017 Viktor Polasek
34%
2015 Johann Andre Forfang
33%
2018 Marius Lindvik
33%
1992 Toni Nieminen
33%
2010 Michael Hayboeck
31%
2007 Roman Koudelka
30%
2008 Andreas Wank
26%
2019 Thomas Aasen Markeng
26%
2021 Niklas Bachlinger
25%
2016 David Siegel
21%
2013 Jaka Hvala
20%
2002 Janne Happonen
20%
1998 Wolfgang Loitzl
20%
1981 Matti Nykaenen
14%
2020 Peter Resinger
14%
1995 Tommy Ingebrigtsen
14%
1987 Ari-Pekka Nikkola
13%
2005 Joonas Ikonen
13%
2012 Nejc Dezman
13%
1996 Michael Uhrmann
11%
1980 Steve Collins
11%
1988 Heinz Kuttin
10%
1990 Heinz Kuttin
10%
2009 Lukas Mueller
10%
2001 Veli-Matti Lindstrom
9%
1991 Martin Hoellwarth
8%
1982 Ernst Vettori
6%
1979 Horst Bulau
6%
1983 Franz Wiegele
3%
1999 Kazuki Nishishita
3%
1984 Martin Svagerko
3%
1977 Pavel Fizek
3%
1986 Virginio Lunardi
3%
1997 Wilhelm Brenna
3%
1989 Kent Johanssen
1%
1985 Werner Haim
1%
Nie znaleziono quizów pasujących do podanych kryteriów
Rozkład punktacji
Procent ludzi z każdym wynikiem
Percentyl według liczby udzielonych odpowiedzi
Twoja historia wyników
Nie rozwiązałeś tego quizu od ostatniego zresetowania